| 000 | 00915nam a2200241 i 4500 | ||
|---|---|---|---|
| 001 | 95380 | ||
| 003 | ES-MaACL | ||
| 005 | 20250327185622.0 | ||
| 007 | t| | ||
| 008 | 050527s1952 sp a |||| |cspa d | ||
| 100 | 1 |
_aLladó, Josep M. _972646 |
|
| 245 | 1 | 0 |
_aBreves biografías íntimas de grandes filósofos / _cJosé Lladó Figueras ; [ilustraciones de Alejandro Coll]. |
| 260 |
_aBarcelona : _bMolino, _c1952. |
||
| 300 |
_a235 p. ; _c20 cm. |
||
| 510 |
_aCCPB _c000989898-0 |
||
| 650 |
_aFilósofos- _xBiografías. _9165047 |
||
| 700 | 1 |
_aColl, Alejandro. _939607 |
|
| 852 |
_aES-MaACL _jD-6272 _fSello en tinta azul de la Biblioteca del Ateneo de Madrid _998917 _bR.32410 _bR.M.5867 _gAnotación manuscrita en cubierta: "56" _cSVI _hSello en tinta: "Donativo. 1. AGO. 1952" |
||
| 942 |
_2udc _cMONOGRAFIA |
||
| 999 |
_c95380 _d95380 |
||